Las mediciones, sus errores y la estadística /

Guardado en:
Autor Principal: Galloni, Horacio A.
Formato: Libro
Publicado: Buenos Aires : Troquel, 1972
Materias:
Etiquetas: Agregar Etiqueta
Sin Etiquetas, Sea el primero en etiquetar este registro!
LEADER 00993nam a22002175a 4500
001 CEM.cems002676
005 20060220000000.0
008 130507s1972##################000#0#####d
003 CEMS
082 0 4 |a 510 
100 1 |a Galloni, Horacio A. 
245 1 0 |a Las mediciones, sus errores y la estadística /  |c Horacio A. Galloni 
260 |a Buenos Aires :  |b Troquel,  |c 1972 
300 |a 108 p. 
505 0 |a Logica matematica; Teoria de conjuntos; Relaciones; Leyes algebraicas; Estructuras algebraicas; Axiomatica; El numero y sus generalizaciones; Introduccion a la aritmetica trasfinita; De la geometria clasica a la moderna; Las estruturas geometricas; Geometrias no euclideanas; Geometria vectorial; Polinomios; Los sistemas de numeracion; Homotecia en el plano; Aplicaciones vectoriales a la trigonometria 
653 |a Error 
653 |a Estadistica 
653 |a Estadistica-leyes 
653 |a Histograma 
653 |a Matematica 
859 |a CEMS  |b BIB. CEMS - 11 de abril  |h 510  |i G137  |p 12131.83  |t Ej.1